Der heilige Willibald und die Gründung des Bistums Eichstätt
Saved in:
| Main Author: | |
|---|---|
| Format: | Article (Journal) |
| Language: | German |
| Published: |
1987
|
| In: |
Schönere Heimat
Year: 1987, Volume: 76, Pages: 77-82 |
| ISSN: | 0177-4492 |
| Online Access: |
|
| Author Notes: | Stefan Weinfurter |
MARC
| LEADER | 00000caa a22000002c 4500 | ||
|---|---|---|---|
| 001 | 1630655430 | ||
| 003 | DE-627 | ||
| 005 | 20220815161336.0 | ||
| 007 | tu | ||
| 008 | 121207s1987 xx ||||| 00| ||ger c | ||
| 035 | |a (DE-627)1630655430 | ||
| 035 | |a (DE-576)376184256 | ||
| 035 | |a (DE-599)BSZ376184256 | ||
| 035 | |a (OCoLC)1341049003 | ||
| 040 | |a DE-627 |b ger |c DE-627 |e rakwb | ||
| 041 | |a ger | ||
| 084 | |a 63 |2 sdnb | ||
| 100 | 1 | |a Weinfurter, Stefan |d 1945-2018 |0 (DE-588)121611892 |0 (DE-627)081421567 |0 (DE-576)163509956 |4 aut | |
| 245 | 1 | 4 | |a Der heilige Willibald und die Gründung des Bistums Eichstätt |c Stefan Weinfurter |
| 264 | 1 | |c 1987 | |
| 300 | |a 6 | ||
| 336 | |a Text |b txt |2 rdacontent | ||
| 337 | |a ohne Hilfsmittel zu benutzen |b n |2 rdamedia | ||
| 338 | |a Band |b nc |2 rdacarrier | ||
| 773 | 0 | 8 | |i In |t Schönere Heimat |d München : Bayerischer Landesverein für Heimatpflege, 1937 |g 76(1987), Seite 77-82 |w (DE-627)130137952 |w (DE-600)511713-6 |w (DE-576)015676803 |x 0177-4492 |7 nnas |a Der heilige Willibald und die Gründung des Bistums Eichstätt |
| 773 | 1 | 8 | |g volume:76 |g year:1987 |g pages:77-82 |g extent:6 |a Der heilige Willibald und die Gründung des Bistums Eichstätt |
| 951 | |a AR | ||
| 992 | |a 20121207 | ||
| 993 | |a Article | ||
| 994 | |a 1987 | ||
| 998 | |g 121611892 |a Weinfurter, Stefan |m 121611892:Weinfurter, Stefan |d 910000 |d 950000 |d 950950 |e 910000PW121611892 |e 950000PW121611892 |e 950950PW121611892 |k 0/910000/ |k 1/910000/950000/ |k 2/910000/950000/950950/ |p 1 |x j |y j | ||
| 999 | |a KXP-PPN1630655430 |e 3280389003 | ||
| BIB | |a Y | ||
| SER | |a journal | ||
| JSO | |a {"origin":[{"dateIssuedKey":"1987","dateIssuedDisp":"1987"}],"language":["ger"],"physDesc":[{"extent":"6 S."}],"recId":"1630655430","name":{"displayForm":["Stefan Weinfurter"]},"relHost":[{"id":{"issn":["0177-4492"],"eki":["130137952"],"zdb":["511713-6"]},"type":{"bibl":"periodical"},"title":[{"title":"Schönere Heimat","title_sort":"Schönere Heimat","subtitle":"bewahren und gestalten"}],"corporate":[{"role":"isb","display":"Bayerischer Heimatbund"},{"display":"Bayerischer Landesverein für Heimatpflege","role":"isb"},{"display":"Bayerischer Landesverein für Heimatschutz","role":"isb"},{"display":"Bayerische Landesstelle für Volkskunde","role":"isb"}],"part":{"volume":"76","extent":"6","pages":"77-82","year":"1987","text":"76(1987), Seite 77-82"},"recId":"130137952","origin":[{"dateIssuedKey":"1937","publisherPlace":"München","publisher":"Bayerischer Landesverein für Heimatpflege","dateIssuedDisp":"1937-"}],"language":["ger"],"titleAlt":[{"title":"Organ des Alpenländischen Arbeitskreises im Deutschen Heimatbund"},{"title":"Erbe und Gegenwart"},{"title":"Erbe und Auftrag"},{"title":"Die Veröffentlichungen des Bayerischen Heimatbundes 1902 - 1942"}],"disp":"Der heilige Willibald und die Gründung des Bistums EichstättSchönere Heimat","name":{"displayForm":["Bayerischer Landesverein für Heimatpflege e.V"]},"physDesc":[{"noteFormat":"28 cm"}],"pubHistory":["33.1937/38 - 39.1943,1/3(März); 40.1951 -"],"note":["In 38.1942,4: Die Veröffentlichungen des Bayerischen Heimatbundes 1902 - 1942","Urh. 1937/38: Bayerischer Landesverein für Heimatschutz; 1938,Apr. - 1943,März: Bayerischer Heimatbund, Landesstelle für Volkskunde"]}],"id":{"eki":["1630655430"]},"person":[{"family":"Weinfurter","display":"Weinfurter, Stefan","role":"aut","given":"Stefan"}],"type":{"bibl":"article-journal"},"title":[{"title":"Der heilige Willibald und die Gründung des Bistums Eichstätt","title_sort":"heilige Willibald und die Gründung des Bistums Eichstätt"}]} | ||
| SRT | |a WEINFURTERHEILIGEWIL1987 | ||